| 000 | 02543nam0a2200385 4500 | ||
|---|---|---|---|
| 001 | RU\NLR\BIBL_A\022315215 | ||
| 005 | 20260420014244.0 | ||
| 010 |
_a978-5-89665-385-1 _9500 |
||
| 021 |
_aRU _bКН-П-24-042608 _9КН-П-24-4238 |
||
| 035 | _a(NLR Aleph) 022315215 | ||
| 090 |
_a13664641 _c13664641 |
||
| 100 | _a20240906d2024 k y0rusy50 ca | ||
| 101 | 0 |
_arus _deng |
|
| 102 | _aRU | ||
| 105 | _ay z 000 y | ||
| 181 | 0 |
_ai _baxxe |
|
| 182 | 0 | _an | |
| 200 | 1 |
_aАнализ и оценка процессов создания и развития в Азиатской России транспортной магистральной сети различного назначения _dAnalysis and evaluation of the processes of creation and development of a transport backbone network for various purposes in Asian Russia _eмонография _fГулакова О. И., Единак Е. А., Зиязов Д. С. [и др.] _gпод редакцией чл.-корр. РАН, д. э. н. А. А. Широва, к. э. н. О. В. Тарасовой _gФедеральное государственное бюджетное учреждение науки Институт экономики и организации промышленного производства Сибирского отделения Российской академии наук _zeng |
|
| 203 |
_aТекст _bвизуальный _cнепосредственный |
||
| 210 |
_aНовосибирск _cИЭОПП СО РАН _d2024 |
||
| 215 |
_a483 с. _cил., цв. ил., карты _d20 |
||
| 300 | _aАвт. указаны на обороте тит. с. | ||
| 300 | _aНа обл. авт.: О. В. Тарасова | ||
| 510 | 1 |
_aAnalysis and evaluation of the processes of creation and development of a transport backbone network for various purposes in Asian Russia _zeng |
|
| 606 | 1 |
_aТранспортные сети _yРоссия _yАзиатская часть _2nlr_sh2 _3RU\NLR\AUTH\6601748333 |
|
| 686 | 1 | _aУ37(2)-72(2Р5) | |
| 701 | 1 |
_aГулакова _bО. И. _gОльга Игоревна |
|
| 701 | 1 |
_aЕдинак _bЕ.А. _gЕкатерина Александровна |
|
| 701 | 1 |
_aЗиязов _bД. С. |
|
| 712 | 0 | 2 |
_4475 _aИнститут экономики и организации промышленного производства _cНовосибирск _9359941 _3RU\NLR\AUTH\889932312 |
| 942 | _cBOOK | ||
| 980 | _aNB | ||